| 000 | 01097nam0a2200289 4500 | ||
|---|---|---|---|
| 001 | RU\NLR\ONL1\2845 | ||
| 005 | 20260409080205.0 | ||
| 035 | _a(NLR Aleph) 009631598 | ||
| 090 |
_a9497096 _c9497096 |
||
| 100 | _a20040405d1933 |||y0rusy50 ca | ||
| 101 | 0 | _achm | |
| 102 | _aRU | ||
| 105 | _ay ||||||||| | ||
| 200 | 1 |
_aСовхоз дэн колхоз школлаштэ марий йылмым тунэммэ програм _fИадгар П. Ф. дэнэ Опай С. С. |
|
| 210 |
_aЙошкар-Ола _cМаргосиздат _d1933 |
||
| 215 |
_a24 с. _d20 |
||
| 541 | 1 |
_a[Учебная программа по марийскому языку в школах совхозов и колхозов ] _zrus |
|
| 606 |
_aМарийский язык _xПреподавание в школе _3RU\NLR\auth-onl\6664 _92175353 |
||
| 686 | 1 | _aЧ426.151-21 | |
| 700 | 1 |
_aИагдар _bП. Ф. _4070 |
|
| 701 | 1 |
_aОпай _bС. С. _4070 |
|
| 801 | 0 |
_aRU _bNLR _c20040405 _gPSBO |
|
| 852 |
_aNLR _bОНЛ _jМар.л./2-588 |
||
| 942 | _cBOOK | ||
| 980 | _aNB | ||